[Event "SB-2012-0-00269"]
[Site "LSS email"]
[Date "2012.11.25"]
[Round "?"]
[White "Zhdanenia, Konstantin A"]
[Black "Apsner, Jurij"]
[Result "1-0"]
[WhiteElo "1657"]
[BlackElo "1839"]
[PlyCount "23"]
[EventDate "2012.11.11"]
[EventType "tourn (corr)"]
[EventRounds "6"]
[EventCountry "GER"]
[SourceTitle "Corr 2015"]
[Source "ChessBase"]
[SourceDate "2015.07.17"]
[SourceVersion "1"]
[SourceVersionDate "2015.07.17"]
[SourceQuality "1"]

1. c4 Nf6 2. Nc3 e5 3. g3 h6 4. Bg2 c6 5. d4 exd4 6. Qxd4 b6 7. b3 Bc5 8. Qe5+ Qe7 9. Qxe7+ Bxe7 10. Bb2 Bb7 11. Nf3 c5 12. Nb5 1-0

[Event "SB-2012-0-00269"]
[Site "LSS email"]
[Date "2012.11.24"]
[Round "?"]
[White "Hammerschmidt, Volker"]
[Black "Apsner, Jurij"]
[Result "1-0"]
[WhiteElo "1907"]
[BlackElo "1839"]
[PlyCount "27"]
[EventDate "2012.11.11"]
[EventType "tourn (corr)"]
[EventRounds "6"]
[EventCountry "GER"]
[SourceTitle "Corr 2015"]
[Source "ChessBase"]
[SourceDate "2015.07.17"]
[SourceVersion "1"]
[SourceVersionDate "2015.07.17"]
[SourceQuality "1"]

1. e4 e5 2. Nf3 Nc6 3. Bb5 a6 4. Ba4 Nf6 5. 0-0 Be7 6. Re1 0-0 7. Bxc6 bxc6 8. Nxe5 Bb7 9. d4 d5 10. exd5 cxd5 11. Bg5 h6 12. Bh4 Ne4 13. Bxe7 Qxe7 14. f3 1-0

[Event "IECG WC Cand email"]
[Site "IECG email"]
[Date "2008.02.15"]
[Round "?"]
[White "Siger, Csaba"]
[Black "Apsner, Jurij"]
[Result "1-0"]
[WhiteElo "1998"]
[BlackElo "1754"]
[PlyCount "89"]
[EventDate "2008.02.15"]
[EventType "tourn (corr)"]
[EventRounds "6"]
[SourceTitle "Corr 2022"]
[Source "ChessBase"]
[SourceDate "2021.10.24"]
[SourceVersion "1"]
[SourceVersionDate "2021.10.24"]
[SourceQuality "1"]

1. e4 d6 2. d4 Nf6 3. Nc3 g6 4. Be3 Bg7 5. Qd2 c6 6. f3 b5 7. Nge2 0-0 8. g4 Nfd7 9. h4 Nb6 10. Ng3 b4 11. Nd1 e5 12. h5 exd4 13. Bxd4 Bxd4 14. Qxd4 c5 15. Qd2 Qf6 16. Qh6 Qg7 17. Qxg7+ Kxg7 18. a3 Nc6 19. Ne3 a5 20. axb4 axb4 21. Rxa8 Nxa8 22. h6+ Kg8 23. Kf2 Nc7 24. Bc4 Be6 25. Ra1 Ne5 26. Be2 Nc6 27. f4 f6 28. Bf3 Rb8 29. f5 Bf7 30. Nd5 Ne8 31. Bd1 Kf8 32. Be2 g5 33. Nh5 Bxd5 34. exd5 Nd8 35. Kg3 Nf7 36. Ra5 Nxh6 37. Bb5 Ng8 38. Bc6 Ng7 39. Nxg7 Kxg7 40. Ra7+ Kh8 41. Rd7 b3 42. c3 Re8 43. Rxd6 Re3+ 44. Kf2 Rxc3 45. Rd8 1-0

[Event "LSS SI-2007-0-00114"]
[Site "LSS email"]
[Date "2007.12.23"]
[Round "?"]
[White "Sherwood, Russell"]
[Black "Apsner, Jurij"]
[Result "1/2-1/2"]
[WhiteElo "1764"]
[BlackElo "1732"]
[PlyCount "66"]
[EventDate "2007.12.17"]
[EventType "tourn (corr)"]
[EventRounds "6"]
[EventCountry "GER"]
[SourceTitle "Corr 2011"]
[Source "ChessBase"]
[SourceDate "2010.08.31"]
[SourceVersion "1"]
[SourceVersionDate "2010.08.31"]
[SourceQuality "1"]

1. e4 d6 2. d4 Nf6 3. Nc3 g6 4. f4 Bg7 5. Nf3 0-0 6. Bd3 Nc6 7. e5 dxe5 8. fxe5 Nd5 9. Nxd5 Qxd5 10. c3 Bg4 11. h3 Be6 12. 0-0 Qd7 13. Ng5 Nxd4 14. cxd4 Qxd4+ 15. Kh1 Rad8 16. Be2 Qxe5 17. Qe1 Bd5 18. Bf3 h6 19. Qxe5 Bxe5 20. Bxd5 Rxd5 21. Nf3 Bg7 22. Be3 c5 23. Rad1 Rfd8 24. Rxd5 Rxd5 25. Kg1 b6 26. b3 e5 27. Kf2 f5 28. Ke2 Rd8 29. Bd2 Kf7 30. g4 f4 31. Be1 Bf6 32. Nd2 Ke6 33. Rf3 h5 1/2-1/2

[Event "LSS SI-2007-0-00104"]
[Site "LSS email"]
[Date "2007.10.21"]
[Round "?"]
[White "Apsner, Jurij"]
[Black "McDonald, Graham R"]
[Result "1-0"]
[WhiteElo "1873"]
[BlackElo "1580"]
[PlyCount "63"]
[EventDate "2007.10.17"]
[EventType "tourn (corr)"]
[EventRounds "6"]
[EventCountry "GER"]
[SourceTitle "Corr 2015"]
[Source "ChessBase"]
[SourceDate "2015.07.17"]
[SourceVersion "1"]
[SourceVersionDate "2015.07.17"]
[SourceQuality "1"]

1. c4 e5 2. Nc3 Bb4 3. Nd5 Nc6 4. Nxb4 Nxb4 5. g3 Nf6 6. Bg2 d5 7. Nf3 Nc6 8. cxd5 Qxd5 9. d3 0-0 10. 0-0 Qd6 11. b3 Be6 12. Bb2 Rad8 13. Qc2 Rfe8 14. Rac1 Bd5 15. Rfd1 Bxf3 16. Bxf3 Nd5 17. Qc5 Qe6 18. Qb5 Nd4 19. Bxd4 exd4 20. Bxd5 Rxd5 21. Qxb7 Re5 22. Rd2 c5 23. Qxa7 Rxe2 24. Rxe2 Qxe2 25. Qxc5 Qxd3 26. Qd5 h6 27. Kg2 Re6 28. h4 Rf6 29. Rc4 Qe2 30. Qxd4 Qf3+ 31. Kg1 Re6 32. Qc3 1-0

[Event "LSS SI-2006-0-00063"]
[Site "LSS email"]
[Date "2007.01.03"]
[Round "?"]
[White "Apsner, Jurij"]
[Black "Rodrigues, Antonio"]
[Result "1-0"]
[WhiteElo "1418"]
[BlackElo "1766"]
[PlyCount "107"]
[EventDate "2006.12.28"]
[EventType "tourn (corr)"]
[EventRounds "10"]
[EventCountry "GER"]
[SourceTitle "Corr 2022"]
[Source "ChessBase"]
[SourceDate "2021.10.24"]
[SourceVersion "1"]
[SourceVersionDate "2021.10.24"]
[SourceQuality "1"]

1. c4 c6 2. Nc3 d5 3. e3 Nf6 4. Nf3 Nbd7 5. cxd5 cxd5 6. d4 e6 7. Bd3 Be7 8. 0-0 0-0 9. Bd2 b6 10. Rc1 Bb7 11. Qe2 a6 12. e4 dxe4 13. Nxe4 Nxe4 14. Bxe4 Bxe4 15. Qxe4 Nf6 16. Qb7 Nd5 17. Ne5 Bd6 18. g3 f6 19. Nc4 Re8 20. Ne3 Re7 21. Qc6 Rc7 22. Qa4 Nxe3 23. Bxe3 b5 24. Qb3 Qd7 25. d5 e5 26. Bb6 Rxc1 27. Rxc1 e4 28. Kg2 Re8 29. Rc6 f5 30. Bd4 f4 31. gxf4 Bxf4 32. d6+ Kh8 33. Rc7 Qg4+ 34. Kh1 Rg8 35. h3 Qg6 36. Qd5 h6 37. Rc6 e3 38. fxe3 Qb1+ 39. Kg2 Qg6+ 40. Kf3 Bg5 41. d7 Rf8+ 42. Ke2 Qh5+ 43. Kd3 Qd1+ 44. Kc3 Qe1+ 45. Kb3 Qd1+ 46. Kb4 Qd2+ 47. Kc5 Bxe3 48. Rd6 Qc2+ 49. Kb6 Bg5 50. d8Q Bxd8+ 51. Rxd8 Rxd8 52. Qxd8+ Kh7 53. Qe7 Qg6+ 54. Ka5 1-0

[Event "LSS SI-2006-0-00063"]
[Site "LSS email"]
[Date "2007.01.02"]
[Round "?"]
[White "Apsner, Jurij"]
[Black "Laine, Jari"]
[Result "1-0"]
[WhiteElo "1418"]
[BlackElo "1690"]
[PlyCount "73"]
[EventDate "2006.12.28"]
[EventType "tourn (corr)"]
[EventRounds "10"]
[EventCountry "GER"]
[SourceTitle "Corr 2022"]
[Source "ChessBase"]
[SourceDate "2021.10.24"]
[SourceVersion "1"]
[SourceVersionDate "2021.10.24"]
[SourceQuality "1"]

1. c4 f5 2. Nc3 Nf6 3. Nf3 e6 4. d4 Be7 5. g3 0-0 6. Bg2 d6 7. 0-0 a5 8. d5 e5 9. Ng5 Na6 10. Ne6 Bxe6 11. dxe6 Nc5 12. Qc2 f4 13. gxf4 Nxe6 14. fxe5 Nd4 15. Qd3 dxe5 16. Bxb7 Rb8 17. Bg2 Qe8 18. e3 Ne6 19. Qf5 Bd6 20. b3 Nd7 21. Qxe6+ Qxe6 22. Bd5 Qxd5 23. cxd5 Bb4 24. Bb2 Nf6 25. Rac1 Bd6 26. h3 Kh8 27. Rc2 e4 28. Rd1 Be5 29. Ne2 Bxb2 30. Rxb2 Rb5 31. Rc2 Nxd5 32. a4 Nb4 33. axb5 Nxc2 34. Rc1 Na3 35. Nd4 Rb8 36. Rxc7 g6 37. Rc5 1-0

[Event "IECG SL.2006.0.00047"]
[Site "IECG email"]
[Date "2006.08.14"]
[Round "?"]
[White "Dawkins, Arthur William"]
[Black "Apsner, Jurij"]
[Result "0-1"]
[WhiteElo "1335"]
[BlackElo "1200"]
[PlyCount "38"]
[EventDate "2006.08.14"]
[EventType "tourn (corr)"]
[EventRounds "6"]
[SourceTitle "Corr 2008"]
[Source "ChessBase"]
[SourceDate "2008.06.24"]
[SourceVersion "1"]
[SourceVersionDate "2008.06.24"]
[SourceQuality "1"]

1. d4 f5 2. e4 fxe4 3. f3 d5 4. Nc3 Nf6 5. Be3 Nc6 6. a3 e5 7. Bb5 Bd6 8. fxe4 0-0 9. exd5 Ng4 10. Qd2 Nxe3 11. Qxe3 exd4 12. Qd3 dxc3 13. dxc6 cxb2 14. Rb1 Qh4+ 15. g3 Qf6 16. Bc4+ Kh8 17. Bd5 Qf2+ 18. Kd1 Qf1+ 19. Qxf1 Rxf1+ 0-1